Представление документа в формате RUSMARC

ПолеНазваниеЗначение
  Тип записи a
  Библиографический уровень m
001 Контрольный номер RU/SLIB/B/208712367
005 Дата корректировки 20201206203914.6
010 Индекс ISBN __
a ISBN 5-93739-018-0
d Цена 165-00
101 Язык документа 0_
a Язык текста rus
c Язык оригинала ger
200 Заглавие и сведения об ответственности 0_
a Заглавие Кактусы
f Первые сведения об ответственности Г. Гренер, Э. Гетц ; пер. с нем. В. Чекмарева
b Общее обозначение материала Текст
210 Выходные данные __
a Место издания М.
c Издательство Кристина и К
d Дата издания 2000
215 Физическое описание __
a Объем 96 с.
320 Библиография __
a Библиография Предм. указ.: с. 92-93
330 Аннотация __
a Аннотация Книга рассказывает об уходе за кактусами, о видах и сортах этого многообразного и обширного семейства цветковых растений, о размножении, о вредителях и болезнях. Для любителей природы.
606 Тематические рубрики __
a Основная рубрика Сельское хозяйство
606 Тематические рубрики __
a Основная рубрика Декоративные растения
610 Ключевые слова __
a Ключевые слова цветоводство; растительность; размножение растений; вредители растений; болезни растений; выращивание растений; кактусы; уход за растениями; комнатное садоводство
686 Индексы других классификаций __
a Классификационный индекс 42.374.8
700 Автор _1
a Фамилия Гренер
b Имя Г.
4 Код отношения 070
701 Альтернативная интеллектуальная ответственность _1
a Фамилия Гетц
b Имя Э.
4 Код отношения 070
702 Вторичная интеллектуальная ответственность _1
a Фамилия Чекмарев
b Имя В.
4 Код отношения Переводчик
4 Код отношения 730
801 Источник записи _0
a Страна RU
b Организация Муниципальное бюджетное учреждение культуры "Централизованная библиотечная система" г. Сургут (Центральная городская библиотека им. А. С. Пушкина)
g Правила каталогизации КиК/Тесленко
801 Источник записи _1
a Страна RU
b Организация Муниципальное бюджетное учреждение культуры "Централизованная библиотечная система" г. Сургут (Центральная городская библиотека им. А. С. Пушкина)
g Правила каталогизации КиК/Тесленко
852 Данные о местонахождении __
j Шифр хранения 42.374.8
c Каталожный индекс 42.374
i Авторский знак Г 80
901 Тип документа __
t Тип документа m
903 Характеристики (МАРС) __
a Дата передачи 20010411
990 Данные о заказе (DOS) 00
j Количество экземпляров (DOS) 3
t N записи в КСУ для И/У (DOS) 200104